| 000 | 00837nam a2200217Ia 4500 | ||
|---|---|---|---|
| 999 |
_c56007 _d56007 |
||
| 003 | GCL | ||
| 005 | 20240530105431.0 | ||
| 008 | 140319s1992 ua 000 0 ara d | ||
| 040 |
_aGCL / _cGCL |
||
| 082 | 0 | 4 |
_a254.1/ _bج ن |
| 100 | 0 | _aجلال الدين السيوطى | |
| 245 | 1 | 0 |
_aنزهة المتأمل ومرشد المتأمل فى أداب الخطوبة والزواج / _cتاليف جلال الدين السيوطى ؛ حققة وخرج احاديثة محمود نصار |
| 260 |
_aالقاهرة : _bمكتبة التراث الاسلامى، _c1992. |
||
| 300 |
_a103 ص ؛ _c24 سم. |
||
| 650 | 0 | 4 | _aالاسلام |
| 650 | 0 | 4 | _aالزواج |
| 650 | 0 | 4 | _aالاحوال الشخصية للمسلمين |
| 650 | 0 | 4 | _aالحقوق الزوجية |
| 700 | 1 |
_aمحمود نصار _eمحقق |
|
| 942 |
_2ddc _cBK |
||